[Event "AUT2o-chT"]
[Site "Stockerau"]
[Date "2001.02.18"]
[Round "9.5"]
[White "Stoppel, Franz"]
[Black "Schuh, Franz"]
[Result "1-0"]
[WhiteElo "2154"]
[BlackElo "2256"]
[PlyCount "79"]
[EventDate "2001.02.18"]

1. d4 Nf6 2. c3 b6 3. Bf4 Bb7 4. e3 g6 5. h3 Bg7 6. Nf3 d6 7. Be2 O-O 8. O-O
Nbd7 9. Re1 Re8 10. Bh2 e5 11. a4 e4 12. Nfd2 a5 13. Na3 Nd5 14. Nb5 f5 15. Nf1
N7f6 16. c4 Nb4 17. c5 bxc5 18. dxc5 Nfd5 19. Qb3 Be5 20. cxd6 cxd6 21. Red1
Kg7 22. Bc4 Bxh2+ 23. Nxh2 Re5 24. Rd4 Rc8 25. Rad1 Rc5 26. Nc3 Qg8 27. Nb5 Qd8
28. Nf1 Kf8 29. Ng3 Ke7 30. Ne2 g5 31. Nec3 Qa8 32. Na2 Nxa2 33. Qxa2 Nb4 34.
Qb3 d5 35. Bf1 Bc8 36. Rxb4 f4 37. Rbd4 Qc6 38. Na7 Qc7 39. Nxc8+ Qxc8 40. Rxd5
1-0

[Event "AUT2o-chT"]
[Site "Stockerau"]
[Date "2001.02.18"]
[Round "9.6"]
[White "Petroczi, Thomas"]
[Black "Monschein, Wolfgang"]
[Result "1-0"]
[WhiteElo "2130"]
[BlackElo "2107"]
[PlyCount "133"]
[EventDate "2001.02.18"]

1. d4 e6 2. Nf3 b6 3. Bf4 f5 4. d5 Be7 5. Nc3 Nf6 6. dxe6 dxe6 7. Qxd8+ Bxd8 8.
Nb5 Nd5 9. Be5 a6 10. Nbd4 Bf6 11. c4 Bxe5 12. Nxe5 Ne7 13. e3 c5 14. Ndf3 Nec6
15. O-O-O Ke7 16. Be2 Rd8 17. Rxd8 Nxd8 18. h4 Bd7 19. h5 h6 20. Ng6+ Kf6 21.
Nfe5 Be8 22. Rd1 Nbc6 23. f4 Bxg6 24. Nd7+ Kf7 25. hxg6+ Kxg6 26. Nxb6 Ra7 27.
Na4 Nf7 28. Nxc5 Kf6 29. Bf3 Nb8 30. b4 Ke7 31. Kb2 a5 32. a3 Nd6 33. Kb3 Rc7
34. Rd4 g5 35. g3 g4 36. Bg2 h5 37. Nd3 Nc6 38. Bxc6 Rxc6 39. b5 Rc8 40. Nf2 h4
41. gxh4 g3 42. Nh3 Rh8 43. Ng5 Rxh4 44. Rd1 g2 45. Rg1 Rg4 46. b6 Nb7 47. Ka4
Rg3 48. Kb5 Rxe3 49. Rxg2 Rxa3 50. Rc2 Rb3+ 51. Kc6 Nd8+ 52. Kc7 a4 53. c5 a3
54. Nf7 Nxf7 55. b7 e5 56. b8=Q Rxb8 57. Kxb8 exf4 58. c6 Ke6 59. c7 Nd6 60.
Rc6 Kd5 61. Rxd6+ Kxd6 62. c8=Q Kd5 63. Qxf5+ Kc4 64. Qxf4+ Kb3 65. Qc1 Ka2 66.
Kb7 Kb3 67. Qa1 1-0